Československé správní právo obecná část

Salvato in:
Dettagli Bibliografici
Autore principale: Lukeš, Zdeněk
Natura: Libro
Lingua:ceco
Pubblicazione: Praha Panorama 1981
Serie:Učebnice
Tags: Aggiungi Tag
Nessun Tag, puoi essere il primo ad aggiungerne!!

MARC

LEADER 00000nam a2200000 4500
001 c125419
005 20041019155235.0
041 0 |a cze 
044 |a CZ 
245 1 0 |a Československé správní právo  |b obecná část  |c Zdeněk Lukeš a kol. 
264 1 |a Praha  |b Panorama  |c 1981 
300 |a 301 s. 
490 1 |a Učebnice 
830 0 |a Učebnice 
100 1 |a Lukeš, Zdeněk